Obhajoby dizertačných prác na Fakulte hospodárskej informatiky Ekonomickej univerzity v Bratislave v roku 2013
Uložené v:
| Hlavný autor: | |
|---|---|
| Médium: | Kapitola |
| Jazyk: | Slovak |
| Predmet: | |
| Tagy: |
Žiadne tagy, Buďte prvý, kto otaguje tento záznam!
|
MARC
| LEADER | 00000naa a2200000 4500 | ||
|---|---|---|---|
| 001 | 0189015 | ||
| 005 | 20240502073210.1 | ||
| 041 | 0 | |a slo | |
| 044 | |a SK | ||
| 245 | 1 | 0 | |a Obhajoby dizertačných prác na Fakulte hospodárskej informatiky Ekonomickej univerzity v Bratislave v roku 2013 |c Anna Šlosárová |
| 610 | 2 | 0 | |a informatika |
| 610 | 2 | 0 | |a vzdelávanie ďalšie |
| 610 | 2 | 0 | |a práce kvalifikačné |
| 610 | 2 | 0 | |a univerzity |
| 100 | 1 | |a Šlosárová, Anna | |